[Event "25. Off. Württembergische Seniorenmst."]
[Site "Freudenstadt"]
[Date "2013.07.06"]
[Round "1.1"]
[White "Giesen, Dieter"]
[Black "Blutharsch, Walter"]
[Result "1-0"]
[WhiteElo "2195"]
[BlackElo "1706"]
[PlyCount "85"]
[EventDate "2013.??.??"]
[WhiteTeam "SK 1912 Ludwigshafen"]
[BlackTeam "VfL Sindelfingen"]

1. e4 e5 2. Nf3 Nc6 3. Bb5 a6 4. Ba4 Nf6 5. Qe2 Be7 6. c3 O-O 7. O-O b5 8. Bc2
Qe8 9. d4 d6 10. h3 Bd7 11. Rd1 Kh8 12. Nbd2 Ng8 13. Nf1 Bf6 14. Ne3 Nce7 15.
Ng4 Ng6 16. Nxf6 Nxf6 17. Bg5 Ng8 18. g4 Qc8 19. Nh2 f6 20. Be3 N8e7 21. a4 Nh4
22. f4 exf4 23. Bxf4 g5 24. Bg3 Neg6 25. Rf1 Qe8 26. axb5 axb5 27. Bd3 Rxa1 28.
Rxa1 Qb8 29. Nf1 Re8 30. Qf2 Kg7 31. Ne3 Bc6 32. Rf1 Qd8 33. Nd5 Rf8 34. Ra1
Qb8 35. Ne3 Qb7 36. d5 Bd7 37. Nc2 Ra8 38. Rf1 Rf8 39. Nd4 Qc8 40. Bxb5 Bxb5
41. Nxb5 Ne5 42. Bxh4 gxh4 43. Nd4 1-0

[Event "25. Off. Württembergische Seniorenmst."]
[Site "Freudenstadt"]
[Date "2013.07.06"]
[Round "1.2"]
[White "Hesse, Volker"]
[Black "Frick, Christoph"]
[Result "0-1"]
[WhiteElo "1699"]
[BlackElo "2154"]
[PlyCount "60"]
[EventDate "2013.??.??"]
[WhiteTeam "SV Betzdorf-Kirchen"]
[BlackTeam "SV Tübingen 1870 e.V."]

1. d4 g6 2. Bf4 Bg7 3. e3 d6 4. Nf3 Nd7 5. Nbd2 e5 6. Bg3 Ne7 7. c3 Nf5 8. Be2
O-O 9. e4 Nxg3 10. hxg3 Qe7 11. d5 Nf6 12. Nh4 Bh6 13. Nhf3 Kg7 14. Bd3 Bd7 15.
Qe2 c6 16. c4 Rac8 17. Nh2 Qd8 18. O-O Qb6 19. Rab1 a5 20. Kh1 Nh5 21. Rfd1
cxd5 22. cxd5 Kg8 23. Ng4 Bxg4 24. Qxg4 Qxf2 25. Nf1 Rc7 26. Kh2 Rfc8 27. a4
Rc2 28. Bxc2 Rxc2 29. Kh3 Qxg2+ 30. Kh4 Nf6 0-1

[Event "25. Off. Württembergische Seniorenmst."]
[Site "Freudenstadt"]
[Date "2013.07.06"]
[Round "1.3"]
[White "Weinwurm, Wolfgang"]
[Black "Reimann, Guenther"]
[Result "1-0"]
[WhiteElo "2113"]
[BlackElo "1699"]
[PlyCount "53"]
[EventDate "2013.??.??"]
[WhiteTeam "Ternitz"]
[BlackTeam "SC Magstadt"]

1. e4 e6 2. d4 d5 3. Nc3 Nf6 4. e5 Nfd7 5. f4 c5 6. Nf3 Nc6 7. Be3 cxd4 8. Nxd4
Bb4 9. Qd2 Qa5 10. Nb3 Bxc3 11. Nxa5 Bxd2+ 12. Bxd2 O-O 13. O-O-O a6 14. c4
Nxa5 15. Bxa5 dxc4 16. Bxc4 b6 17. Bb4 Re8 18. Rd6 b5 19. Be2 Rb8 20. Bf3 Rb6
21. Bc6 Rxc6+ 22. Rxc6 Bb7 23. Rc7 Rc8 24. Rxc8+ Bxc8 25. Rd1 f6 26. Rd6 Kf7
27. Rc6 1-0

[Event "25. Off. Württembergische Seniorenmst."]
[Site "Freudenstadt"]
[Date "2013.07.06"]
[Round "1.4"]
[White "Abel, Hans-Peter"]
[Black "Pape, Manfred"]
[Result "0-1"]
[WhiteElo "1696"]
[BlackElo "2087"]
[PlyCount "42"]
[EventDate "2013.??.??"]
[WhiteTeam "SC Leinfelden"]
[BlackTeam "SK Bad Harzburg"]

1. c4 Nf6 2. Nf3 g6 3. g3 Bg7 4. Bg2 d6 5. O-O Nc6 6. Nc3 Bd7 7. d3 Qc8 8. Re1
e5 9. Bd2 Bh3 10. Bh1 h6 11. a3 O-O 12. Rb1 Re8 13. e4 Bg4 14. Qc1 Kh7 15. b4
Nd7 16. Nh4 Nd4 17. Be3 g5 18. f3 Be6 19. Bxg5 hxg5 20. Qxg5 Bh6 21. Qh5 Nf6
0-1

[Event "25. Off. Württembergische Seniorenmst."]
[Site "Freudenstadt"]
[Date "2013.07.06"]
[Round "1.5"]
[White "Schmid, Hartmut"]
[Black "Braeu, Ludwig"]
[Result "0-1"]
[WhiteElo "2049"]
[BlackElo "1695"]
[PlyCount "66"]
[EventDate "2013.??.??"]
[WhiteTeam "Stuttgarter SF 1879"]
[BlackTeam "SK Marktoberdorf"]

1. c4 g6 2. d4 Bg7 3. Nc3 c5 4. e3 Nf6 5. Bd3 O-O 6. Nge2 cxd4 7. exd4 d5 8.
O-O Nc6 9. Bg5 Nb4 10. b3 Nxd3 11. Qxd3 Bf5 12. Qd2 dxc4 13. bxc4 Rc8 14. c5
Re8 15. Ng3 Nd5 16. Nxf5 gxf5 17. Ne2 Qd7 18. Rad1 Rc6 19. Rfe1 b6 20. cxb6
Rxb6 21. Ng3 Reb8 22. Nh5 Rb2 23. Qd3 R8b6 24. Nxg7 Kxg7 25. Re5 f6 26. Bh6+
Kxh6 27. Rxf5 e6 28. Qh3+ Kg7 29. Rh5 Kh8 30. Qf3 Rb1 31. h3 Rxd1+ 32. Qxd1 Qb7
33. Qc2 Nf4 0-1

[Event "25. Off. Württembergische Seniorenmst."]
[Site "Freudenstadt"]
[Date "2013.07.06"]
[Round "1.6"]
[White "Mertens, Gottfried"]
[Black "Weisenburger, Horst"]
[Result "0-1"]
[WhiteElo "1695"]
[BlackElo "2048"]
[PlyCount "72"]
[EventDate "2013.??.??"]
[WhiteTeam "SK Weinheim 1911 e.V."]
[BlackTeam "SC Böblingen 1975 e.V."]

1. f4 d5 2. Nf3 g6 3. g3 Bg7 4. Bg2 c6 5. O-O Nf6 6. d3 Qb6+ 7. e3 Ng4 8. Qd2
Bxb2 9. Bxb2 Qxb2 10. Nc3 Nxe3 11. Qxe3 Qxc3 12. Rae1 Qf6 13. f5 gxf5 14. Nh4
Kf8 15. Nxf5 Bxf5 16. g4 d4 17. Qd2 e6 18. gxf5 e5 19. Qb4+ Qe7 20. Qxe7+ Kxe7
21. Rxe5+ Kf6 22. Rfe1 Rg8 23. R5e4 c5 24. Re7 Nc6 25. Rxb7 Ne5 26. Kf1 Ng4 27.
Kg1 Ne3 28. Re2 Rg7 29. c4 Rag8 30. Rbb2 Kxf5 31. Kh1 Rxg2 32. Rxg2 Nxg2 33.
Rxg2 Rxg2 34. Kxg2 Kg4 35. h3+ Kf4 36. Kf2 h5 0-1

[Event "25. Off. Württembergische Seniorenmst."]
[Site "Freudenstadt"]
[Date "2013.07.06"]
[Round "1.7"]
[White "Szenetra, Werner"]
[Black "Pocrnic, Josip"]
[Result "1-0"]
[WhiteElo "2038"]
[BlackElo "1693"]
[PlyCount "69"]
[EventDate "2013.??.??"]
[WhiteTeam "SV Berenbostel"]
[BlackTeam "SF 1954 Conweiler e.V."]

1. Nf3 Nf6 2. d3 g6 3. g3 Bg7 4. Bg2 d6 5. O-O O-O 6. Nbd2 Nbd7 7. e4 e5 8. a4
a5 9. Nc4 Re8 10. h3 Nf8 11. Be3 Be6 12. Nfd2 Qd7 13. Kh2 b6 14. c3 Rab8 15. f4
Bxc4 16. Nxc4 Kh8 17. Qc2 Ng8 18. d4 f6 19. Rad1 Qe7 20. Bg1 Nd7 21. Ne3 c6 22.
dxe5 dxe5 23. Nc4 Qe6 24. b3 Bf8 25. h4 exf4 26. gxf4 Nh6 27. Ne3 Nc5 28. Nc4
Nxe4 29. Bxe4 Qxe4 30. Qxe4 Rxe4 31. Nxb6 Re2+ 32. Kh3 Nf5 33. Rd3 Rbe8 34. Nc4
Bh6 35. Nd6 1-0

[Event "25. Off. Württembergische Seniorenmst."]
[Site "Freudenstadt"]
[Date "2013.07.06"]
[Round "1.8"]
[White "Seibel, Wilhelm"]
[Black "Villing, Dieter"]
[Result "0-1"]
[WhiteElo "1685"]
[BlackElo "1999"]
[PlyCount "88"]
[EventDate "2013.??.??"]
[WhiteTeam "DJK Stuttgart-Süd"]
[BlackTeam "SK 1962 Ladenburg"]

1. Nf3 d6 2. d4 Bg4 3. c4 c6 4. Nc3 Nf6 5. e3 Nbd7 6. Be2 e5 7. d5 Be7 8. e4
O-O 9. Be3 Qa5 10. O-O cxd5 11. exd5 Rfc8 12. Nd2 Bf5 13. Nb3 Qd8 14. f4 exf4
15. Rxf4 Bg6 16. Bd3 Ne5 17. Be2 Nfd7 18. Qd2 Bg5 19. Rd4 Bf6 20. Ne4 Be7 21.
Bg5 h6 22. Bxe7 Qxe7 23. Qf4 b6 24. Nbd2 Re8 25. Bg4 Nc5 26. Be2 Rac8 27. b4
Nxe4 28. Nxe4 f5 29. Ng3 Qf6 30. Rf1 Bh7 31. Nxf5 Bxf5 32. Qxf5 Nf3+ 33. Qxf3
Qxd4+ 34. Qf2 Qxf2+ 35. Rxf2 Rf8 36. a4 Rce8 37. Kf1 Rxf2+ 38. Kxf2 a5 39. bxa5
bxa5 40. Ke1 Rb8 41. c5 dxc5 42. Bb5 Kf8 43. Kd2 Ke7 44. Kc3 Kd6 0-1

[Event "25. Off. Württembergische Seniorenmst."]
[Site "Freudenstadt"]
[Date "2013.07.06"]
[Round "1.9"]
[White "Wetjen, Andreas"]
[Black "Barlo, Werner"]
[Result "1/2-1/2"]
[WhiteElo "1986"]
[BlackElo "1680"]
[PlyCount "88"]
[EventDate "2013.??.??"]
[WhiteTeam "SK Union Oldenburg"]
[BlackTeam "SK Zehlendorf e.V."]

1. e4 e6 2. d3 d5 3. Nd2 c5 4. Ngf3 Nc6 5. g3 Nf6 6. Bg2 Bd6 7. O-O O-O 8. Re1
dxe4 9. dxe4 e5 10. c3 h6 11. Nc4 Bc7 12. Qc2 Qe7 13. a4 Be6 14. Ne3 Rfd8 15.
Nh4 g6 16. Qe2 Kh7 17. h3 Rd7 18. Ng4 Nxg4 19. hxg4 Na5 20. Qe3 Qf8 21. b4 cxb4
22. cxb4 Bb6 23. Qf3 Nb3 24. Rb1 Nd2 25. Bxd2 Rxd2 26. Rf1 Bc4 27. Qc3 Rd4 28.
Rfd1 Be6 29. Bf3 Rc8 30. Qb2 Rcd8 31. Ng2 Rxd1+ 32. Rxd1 Bd4 33. Qb1 Qd6 34.
Ne3 Rc8 35. Kg2 Qc6 36. b5 Qc5 37. Rd3 b6 38. Qe1 Kg7 39. Nd5 Qc2 40. Ra3 Qb2
41. Rd3 Rc2 42. Ne3 Rc1 43. Rd1 Rxd1 44. Bxd1 Bxe3 1/2-1/2

[Event "25. Off. Württembergische Seniorenmst."]
[Site "Freudenstadt"]
[Date "2013.07.06"]
[Round "1.10"]
[White "Flockerzi, Armin"]
[Black "Lainburg, Viktor"]
[Result "0-1"]
[WhiteElo "1677"]
[BlackElo "1984"]
[PlyCount "82"]
[EventDate "2013.??.??"]
[WhiteTeam "VfR-SC Koblenz"]
[BlackTeam "SC Weisse Dame Ulm e.V."]

1. d4 d5 2. Nf3 c5 3. b3 cxd4 4. Bb2 Nf6 5. Bxd4 Nc6 6. Bb2 Bf5 7. e3 e6 8. a3
Bd6 9. Nbd2 O-O 10. Be2 Qe7 11. O-O e5 12. c4 dxc4 13. Bxc4 Na5 14. Be2 Rfd8
15. b4 Nc6 16. Qb3 a5 17. b5 a4 18. Qa2 Na5 19. Bc3 Nd7 20. Qb2 f6 21. Nh4 Be6
22. g3 Nc5 23. Bb4 Ncb3 24. Bxa5 Nxa5 25. Rfc1 Rac8 26. Bd1 Rxc1 27. Qxc1 Rc8
28. Qb2 Nc4 29. Nxc4 Rxc4 30. Be2 Rc8 31. Nf3 Bb3 32. Ne1 Qc7 33. Bd1 Qc3 34.
Bxb3+ axb3 35. Rb1 Qxb2 36. Rxb2 Rc3 37. Rd2 Bxa3 38. Nd3 Rc2 39. Rd1 e4 40.
Nf4 b2 41. Rd8+ Kf7 0-1

[Event "25. Off. Württembergische Seniorenmst."]
[Site "Freudenstadt"]
[Date "2013.07.06"]
[Round "1.11"]
[White "Schmid, Eugen"]
[Black "Fels, Karl-Heinz"]
[Result "1/2-1/2"]
[WhiteElo "1942"]
[BlackElo "1676"]
[PlyCount "120"]
[EventDate "2013.??.??"]
[WhiteTeam "SV Herrenberg e.V."]
[BlackTeam "Stuttgarter SF 1879"]

1. d4 Nf6 2. Nf3 d5 3. c4 e6 4. g3 Be7 5. Bg2 O-O 6. O-O c6 7. Qc2 Nbd7 8. Nbd2
a5 9. e4 dxe4 10. Nxe4 Nxe4 11. Qxe4 Nf6 12. Qc2 Qc7 13. Bf4 Bd6 14. Bxd6 Qxd6
15. Rfd1 Qe7 16. Rd2 Rd8 17. Re1 Bd7 18. d5 cxd5 19. cxd5 Rac8 20. Qd1 Qf8 21.
dxe6 Bxe6 22. Nd4 Bd5 23. Bh3 Rb8 24. Bf5 g6 25. Bb1 Bc6 26. Nxc6 bxc6 27. Ree2
Rxd2 28. Rxd2 Kg7 29. Kg2 Qb4 30. a3 Qb5 31. Ba2 c5 32. Qf3 Qb7 33. Qxb7 Rxb7
34. Rc2 Nd7 35. Bd5 Rb6 36. b3 Rd6 37. Bc4 Rb6 38. Rc3 f6 39. f4 f5 40. Re3 Kf6
41. Re8 Rd6 42. Kf3 h5 43. Ra8 Nb6 44. Rxa5 Nxc4 45. bxc4 Rd3+ 46. Kg2 Rc3 47.
Rxc5 Rxa3 48. Rc6+ Kf7 49. Kh3 Rc3 50. Kh4 Rc2 51. h3 Rc3 52. g4 hxg4 53. hxg4
fxg4 54. Kxg4 Rc1 55. c5 Rg1+ 56. Kf3 Rf1+ 57. Ke4 Re1+ 58. Kf3 Rf1+ 59. Ke3
Re1+ 60. Kf2 Rc1 1/2-1/2

[Event "25. Off. Württembergische Seniorenmst."]
[Site "Freudenstadt"]
[Date "2013.07.06"]
[Round "1.12"]
[White "Payen, Gerard"]
[Black "Trefzer, Erhard"]
[Result "0-1"]
[WhiteElo "1672"]
[BlackElo "1941"]
[PlyCount "66"]
[EventDate "2013.??.??"]
[WhiteTeam "Paris"]
[BlackTeam "SV Besigheim"]

1. e4 c5 2. c3 d5 3. exd5 Qxd5 4. d4 Nc6 5. Nf3 Bg4 6. Be2 cxd4 7. cxd4 e6 8.
O-O Nf6 9. Nc3 Qd7 10. Ne5 Bxe2 11. Nxe2 Nxe5 12. dxe5 Qxd1 13. Rxd1 Nd7 14. f4
Bc5+ 15. Kf1 f6 16. exf6 Nxf6 17. h3 O-O 18. Nc3 Nh5 19. Ne2 Rad8 20. Rxd8 Rxd8
21. Ke1 Bb4+ 22. Kf2 Rd1 23. Nc3 Bxc3 24. bxc3 Nxf4 25. Bb2 Rd2+ 26. Ke3 Rxb2
27. Kxf4 Rxg2 28. Ke5 Kf7 29. Kd6 Rd2+ 30. Kc7 b6 31. a4 Rd3 32. Rc1 Ke7 33. h4
Rd5 0-1

[Event "25. Off. Württembergische Seniorenmst."]
[Site "Freudenstadt"]
[Date "2013.07.06"]
[Round "1.13"]
[White "Prill, Gerhard"]
[Black "Foehl, Frithjof"]
[Result "1-0"]
[WhiteElo "1936"]
[BlackElo "1671"]
[PlyCount "69"]
[EventDate "2013.??.??"]
[WhiteTeam "SC Heitersheim"]
[BlackTeam "SV Oberkochen"]

1. e4 c5 2. Nf3 g6 3. c4 Bg7 4. d4 cxd4 5. Nxd4 Nc6 6. Nc2 Qb6 7. Nc3 Bxc3+ 8.
bxc3 d6 9. Be3 Qa5 10. Qd2 Nf6 11. f3 O-O 12. Nb4 e6 13. Be2 Qc7 14. Bg5 Nd7
15. Rd1 Nxb4 16. cxb4 d5 17. cxd5 e5 18. O-O f6 19. Rc1 Qd8 20. Bh6 Re8 21. Be3
Nb6 22. Rc2 Bd7 23. Rfc1 Re7 24. Rc7 Ba4 25. Qc3 Qe8 26. Rc5 Bd7 27. Qa3 Nc8
28. Bc4 Nd6 29. Bb3 Kg7 30. Qb2 b6 31. R5c3 Rc8 32. Rxc8 Nxc8 33. a4 Bxa4 34.
Bxa4 Qxa4 35. Rxc8 1-0

[Event "25. Off. Württembergische Seniorenmst."]
[Site "Freudenstadt"]
[Date "2013.07.06"]
[Round "1.14"]
[White "Smits, Oswald"]
[Black "Cichy, Michael"]
[Result "0-1"]
[WhiteElo "1666"]
[BlackElo "1934"]
[PlyCount "100"]
[EventDate "2013.??.??"]
[WhiteTeam "Sfr. Taunus Königstein/Schwalbac"]
[BlackTeam "SC Braunschweig Gliesmarode v. 1"]

1. d4 Nf6 2. Nf3 e6 3. e3 b6 4. Nbd2 Bb7 5. Bd3 c5 6. c3 cxd4 7. exd4 Be7 8.
O-O O-O 9. Qe2 d6 10. Re1 Re8 11. Ng5 Nbd7 12. Nxf7 Kxf7 13. Qxe6+ Kf8 14. Re3
Bd5 15. Qh3 Kg8 16. c4 Bf7 17. Rg3 Nf8 18. Nf3 Qc8 19. d5 Qxh3 20. Rxh3 Bg6 21.
Bxg6 Nxg6 22. Nd4 Nd7 23. f4 Rac8 24. Nc6 Bf6 25. Rb1 Re1+ 26. Kf2 Rce8 27. Rd3
R8e2+ 28. Kg3 Rc2 29. Re3 Rexc1 30. Rxc1 Rxc1 31. Re6 Rxc4 32. Rxd6 Ngf8 33.
Nxa7 Bxb2 34. Rc6 Rc3+ 35. Kg4 Nf6+ 36. Kf5 g6+ 37. Kg5 Nxd5 38. Rxc3 Bxc3 39.
Nb5 Ne6+ 40. Kg4 Nexf4 41. g3 Ne6 42. h4 Nec7 43. Na3 Nb4 44. Nc4 b5 45. Na3
Nxa2 46. h5 b4 47. Nb1 Bf6 48. hxg6 hxg6 49. Kf4 b3 50. Ke3 Nc3 0-1

[Event "25. Off. Württembergische Seniorenmst."]
[Site "Freudenstadt"]
[Date "2013.07.06"]
[Round "1.15"]
[White "Schmieder, Siegfried"]
[Black "Kozel, Friedrich"]
[Result "1-0"]
[WhiteElo "1931"]
[BlackElo "1647"]
[PlyCount "77"]
[EventDate "2013.??.??"]
[WhiteTeam "SG Schwäbisch Gmünd 1872 e.V"]
[BlackTeam "SF 1954 Conweiler e.V."]

1. e4 e6 2. d4 d5 3. e5 c5 4. c3 Nc6 5. Nf3 Qb6 6. a3 Bd7 7. b4 cxd4 8. cxd4
Rc8 9. Be2 Nxd4 10. Nxd4 Rxc1 11. Qxc1 Qxd4 12. Qc3 Qxc3+ 13. Nxc3 a6 14. O-O
Ne7 15. b5 d4 16. Ne4 Ng6 17. bxa6 bxa6 18. f4 Bb5 19. Bxb5+ axb5 20. g3 Be7
21. Rfd1 O-O 22. Rxd4 f6 23. exf6 gxf6 24. Rd7 Ra8 25. Rd3 h6 26. Kg2 f5 27.
Nf2 b4 28. a4 Bf6 29. Ra2 Bc3 30. Nd1 Bf6 31. Rb3 Be7 32. Ne3 Nf8 33. a5 Nd7
34. Nc2 Rb8 35. a6 Ra8 36. Nxb4 Nb8 37. a7 Nd7 38. Nc6 Bc5 39. Rb8+ 1-0

[Event "25. Off. Württembergische Seniorenmst."]
[Site "Freudenstadt"]
[Date "2013.07.06"]
[Round "1.16"]
[White "Jung, Michael"]
[Black "Kotlar, Alfred"]
[Result "0-1"]
[WhiteElo "1644"]
[BlackElo "1915"]
[PlyCount "70"]
[EventDate "2013.??.??"]
[WhiteTeam "SV Osnabrück"]
[BlackTeam "SK Recklinghausen Altsta"]

1. g3 d5 2. Bg2 c6 3. d3 e5 4. Nd2 Nf6 5. h3 Bd6 6. e3 O-O 7. Ne2 Re8 8. O-O h6
9. b3 a5 10. a3 Nbd7 11. Bb2 Nf8 12. f4 Qb6 13. d4 e4 14. c4 Qd8 15. Nc3 Bd7
16. Kh2 Ng6 17. Rc1 Rc8 18. Rf2 Bb8 19. Bf1 Ne7 20. b4 Nf5 21. Qe1 axb4 22.
axb4 Bd6 23. c5 Bc7 24. Re2 Ra8 25. g4 Ne7 26. Kh1 Nh7 27. Rg2 Ng6 28. b5 Ba5
29. b6 Qe7 30. Nb3 Bb4 31. Ra1 Nh4 32. Rf2 Nf3 33. Qd1 Bxc3 34. Bxc3 Rxa1 35.
Bxa1 Qh4 {nach weiteren fehlenden Zügen} 0-1

[Event "25. Off. Württembergische Seniorenmst."]
[Site "Freudenstadt"]
[Date "2013.07.06"]
[Round "1.17"]
[White "Hoeschele, Hans-Ulrich"]
[Black "Riegler, Markus"]
[Result "1-0"]
[WhiteElo "1915"]
[BlackElo "1641"]
[PlyCount "71"]
[EventDate "2013.??.??"]
[WhiteTeam "Stuttgarter SF 1879"]
[BlackTeam "SK Mannheim-Lindenhof 1865"]

1. Nf3 d5 2. d4 Nf6 3. g3 e6 4. Bg2 Nbd7 5. O-O Bd6 6. c4 dxc4 7. Qa4 O-O 8.
Qxc4 Nb6 9. Qd3 h6 10. Nc3 Bd7 11. e4 Nh7 12. Be3 c6 13. Rad1 Qe7 14. Rfe1 Rac8
15. e5 Bb4 16. Nd2 f5 17. exf6 Nxf6 18. Bf4 Qf7 19. Be5 Nbd5 20. f4 Qh5 21. h3
c5 22. Nf3 Bc6 23. Bxf6 Rxf6 24. Re5 Qf7 25. Nxd5 Bxd5 26. a3 c4 27. Qc2 Bd6
28. Re3 Bxf3 29. Bxf3 Qd7 30. Bg4 Kh8 31. Qe2 c3 32. bxc3 Rd8 33. c4 Qf7 34. c5
Bc7 35. d5 e5 36. d6 1-0

[Event "25. Off. Württembergische Seniorenmst."]
[Site "Freudenstadt"]
[Date "2013.07.06"]
[Round "1.18"]
[White "Buhlmann, Werner"]
[Black "Foltas, Hermann"]
[Result "1-0"]
[WhiteElo "1638"]
[BlackElo "1913"]
[PlyCount "89"]
[EventDate "2013.??.??"]
[WhiteTeam "SK Horb"]
[BlackTeam "SK Siemens München"]

1. e4 e5 2. Nf3 Nc6 3. Bc4 Be7 4. d4 d6 5. dxe5 dxe5 6. Qxd8+ Bxd8 7. Bd5 Nge7
8. Bb3 O-O 9. O-O Ng6 10. c3 Bg4 11. Nbd2 Nf4 12. h3 Bh5 13. Kh2 Nd3 14. g4 Bg6
15. Bd5 Re8 16. Nc4 Nxc1 17. Raxc1 Rb8 18. b4 Nxb4 19. cxb4 c6 20. Nd6 cxd5 21.
Nxe8 dxe4 22. Nxe5 Bg5 23. Nd6 Bf4+ 24. Kg2 Bxe5 25. Rc8+ Rxc8 26. Nxc8 h5 27.
Ne7+ Kh7 28. Nxg6 Kxg6 29. gxh5+ Kxh5 30. f4 Bd6 31. b5 a5 32. bxa6 bxa6 33. f5
Kg5 34. Rd1 Be5 35. Rd7 a5 36. Rxf7 Bf6 37. Rd7 Kxf5 38. Rd5+ Kf4 39. Rxa5 Ke3
40. Rd5 Bd4 41. a4 Kd3 42. a5 e3 43. Rxd4+ Kxd4 44. Kf1 Kd3 45. Ke1 1-0

[Event "25. Off. Württembergische Seniorenmst."]
[Site "Freudenstadt"]
[Date "2013.07.06"]
[Round "1.19"]
[White "Just, Joachim"]
[Black "Fabritius, Herbert"]
[Result "1-0"]
[WhiteElo "1903"]
[BlackElo "1629"]
[PlyCount "115"]
[EventDate "2013.??.??"]
[WhiteTeam "SV Motor Zeitz"]
[BlackTeam "Post-SV Rosenheim"]

1. d4 d5 2. Nf3 Nf6 3. Bg5 h6 4. Bxf6 gxf6 5. e3 Bf5 6. c4 c6 7. Qb3 Qb6 8. Nc3
e6 9. Rc1 Qxb3 10. axb3 Bb4 11. Be2 Nd7 12. O-O Rg8 13. Kh1 Bd6 14. Nd2 Bg4 15.
f3 Bh5 16. Bd3 Bg6 17. e4 Bf4 18. Rcd1 Bxd2 19. Rxd2 dxe4 20. fxe4 O-O-O 21.
Be2 Nc5 22. Rxf6 Nxb3 23. Rd1 Rxd4 24. Rxd4 Nxd4 25. Bg4 Rd8 26. h4 h5 27. Bh3
Kd7 28. Rf1 Ke7 29. Ra1 a6 30. Ra5 Nb3 31. Ra4 Rd2 32. Rb4 Nc5 33. Rb6 Rd7 34.
e5 Kd8 35. b4 Nd3 36. b5 axb5 37. cxb5 Nxe5 38. bxc6 Nxc6 39. Rb5 Nd4 40. Rg5
Rc7 41. Na4 Ke7 42. Ra5 b5 43. Nb6 Rb7 44. Nc8+ Kd7 45. Na7 Nc6 46. Nxc6 Kxc6
47. g4 Be4+ 48. Kg1 hxg4 49. Bxg4 f5 50. Be2 f4 51. Kf2 Bd5 52. h5 e5 53. h6
Be4 54. Ra6+ Rb6 55. Ra7 Kc5 56. Rc7+ Rc6 57. Rxc6+ Kxc6 58. Bf3 1-0

[Event "25. Off. Württembergische Seniorenmst."]
[Site "Freudenstadt"]
[Date "2013.07.06"]
[Round "1.20"]
[White "Samarian, Cornel"]
[Black "Abegg, Beat"]
[Result "1/2-1/2"]
[WhiteElo "1627"]
[BlackElo "1902"]
[PlyCount "55"]
[EventDate "2013.??.??"]
[WhiteTeam "SC Pegasus Lohkirchen"]

1. d4 d5 2. Nf3 Nf6 3. c4 c6 4. cxd5 cxd5 5. Nc3 Nc6 6. e3 e6 7. Bd3 Bd6 8. O-O
O-O 9. Re1 Re8 10. e4 dxe4 11. Nxe4 Nxe4 12. Bxe4 g6 13. Bxc6 bxc6 14. Bd2 Bb7
15. Bc3 Bf8 16. Ne5 Qd5 17. Qf3 Qxf3 18. Nxf3 Bg7 19. Rad1 Red8 20. h3 Rd5 21.
b4 Rad8 22. Rb1 Rb8 23. a3 Ba6 24. Ne5 Bb5 25. Rbc1 Rbd8 26. Ba1 Bxe5 27. dxe5
Rd3 28. Bc3 1/2-1/2

[Event "25. Off. Württembergische Seniorenmst."]
[Site "Freudenstadt"]
[Date "2013.07.06"]
[Round "1.25"]
[White "Lomer, Edmund"]
[Black "Klaus, Eduard"]
[Result "1-0"]
[WhiteElo "1879"]
[BlackElo "1600"]
[PlyCount "61"]
[EventDate "2013.??.??"]
[WhiteTeam "Eckernförder SC von 1921"]
[BlackTeam "SC Möhringen 1961"]

1. Nf3 d5 2. g3 h6 3. Bg2 c6 4. b3 Bf5 5. Bb2 Nd7 6. d3 e6 7. Nbd2 Ngf6 8. O-O
Be7 9. c4 O-O 10. Rc1 Rc8 11. Re1 Re8 12. e4 dxe4 13. dxe4 Bg6 14. Nh4 Nc5 15.
Nxg6 fxg6 16. e5 Nh7 17. Rc2 Nd3 18. Re2 Nxb2 19. Rxb2 Nf8 20. Qc2 Qc7 21. c5
Rcd8 22. b4 b6 23. cxb6 axb6 24. Qxc6 Rc8 25. b5 Bc5 26. Nb3 Nd7 27. Rbd2 Nxe5
28. Qxc7 Rxc7 29. Rxe5 Kf7 30. Nxc5 bxc5 31. b6 1-0

[Event "25. Off. Württembergische Seniorenmst."]
[Site "Freudenstadt"]
[Date "2013.07.06"]
[Round "1.30"]
[White "Ordu, Armin"]
[Black "Macher, Claus"]
[Result "0-1"]
[WhiteElo "1562"]
[BlackElo "1834"]
[PlyCount "78"]
[EventDate "2013.??.??"]
[WhiteTeam "SV Schorndorf"]
[BlackTeam "SF Ammerbuch"]

1. e4 c5 2. Nf3 e6 3. d4 cxd4 4. Nxd4 a6 5. Nc3 Qc7 6. Be2 Bb4 7. Bd2 Nf6 8.
Bf3 O-O 9. a3 Bc5 10. Be3 d6 11. Qd2 Nbd7 12. Nb3 Bxe3 13. Qxe3 Ne5 14. O-O-O
b5 15. Be2 Bb7 16. f3 Rac8 17. h4 d5 18. f4 Neg4 19. Qg3 h5 20. Na1 dxe4 21.
Rd2 e3 22. Rd4 Rfd8 23. Rhd1 Rxd4 24. Rxd4 Rd8 25. Nb3 Rc8 26. Bd3 Nd5 27. Ne2
f6 28. Bg6 f5 29. Na1 Ndf6 30. Rd3 Rd8 31. Rxd8+ Qxd8 32. Nb3 Qd5 33. Qe1 Qxg2
34. Qd1 Bd5 35. Nc3 Nf2 36. Qe2 Qxg6 37. Qxe3 Qg1+ 38. Kd2 N6e4+ 39. Ke2 Bc4+
0-1

[Event "25. Off. Württembergische Seniorenmst."]
[Site "Freudenstadt"]
[Date "2013.07.06"]
[Round "1.32"]
[White "Meeh, Rudolf"]
[Black "Tepel, Juergen"]
[Result "0-1"]
[WhiteElo "1559"]
[BlackElo "1812"]
[PlyCount "112"]
[EventDate "2013.??.??"]
[WhiteTeam "SC Möhringen 1961"]
[BlackTeam "SK 1929 Jöhlingen"]

1. d4 e6 2. c4 f5 3. Nf3 Nf6 4. Nc3 b6 5. Bg5 Bb7 6. e3 Bb4 7. Be2 O-O 8. O-O
Bxc3 9. bxc3 d6 10. Qb3 c5 11. Rfd1 Qe7 12. h3 Nbd7 13. a4 h6 14. Bh4 g5 15.
Bg3 Ne4 16. Bh2 e5 17. d5 h5 18. Nd2 Nxd2 19. Rxd2 g4 20. hxg4 hxg4 21. f4 Nf6
22. Bd3 Nh5 23. g3 e4 24. Bf1 Kg7 25. a5 Qc7 26. axb6 axb6 27. Rxa8 Rxa8 28.
Rb2 Ra6 29. Ra2 Rxa2 30. Qxa2 Bc8 31. Be2 Qb7 32. Bd1 Qa6 33. Qxa6 Bxa6 34. Bb3
Kf7 35. Kf2 Ke7 36. Ke1 Kd8 37. Kd2 Kc7 38. Kc2 b5 39. cxb5 Bxb5 40. c4 Be8 41.
Kb2 Kb6 42. Ka3 Ka5 43. Bd1 Bd7 44. Bc2 Bc8 45. Ba4 Ba6 46. Bb3 Nf6 47. Bg1 Bc8
48. Bf2 Nd7 49. Be1+ Ka6 50. Bc3 Nb6 51. Bf6 Kb7 52. Ba4 Nxc4+ 53. Kb3 Nxe3 54.
Bc6+ Kc7 55. Kc3 Bb7 56. Be8 Nxd5+ 0-1

[Event "25. Off. Württembergische Seniorenmst."]
[Site "Freudenstadt"]
[Date "2013.07.06"]
[Round "1.40"]
[White "Krischok, Hilmar"]
[Black "Bolz, Claus"]
[Result "0-1"]
[WhiteElo "1479"]
[BlackElo "1794"]
[PlyCount "80"]
[EventDate "2013.??.??"]
[WhiteTeam "SV Urach"]
[BlackTeam "SF Springer Rottenburg"]

1. d4 Nf6 2. c4 e6 3. Bg5 Be7 4. Nc3 c6 5. Nf3 d5 6. e3 Nbd7 7. Bd3 O-O 8. O-O
h6 9. Bf4 dxc4 10. Bxc4 Nb6 11. Bb3 Nbd5 12. Bg3 Bd6 13. Bxd6 Qxd6 14. h3 b6
15. Re1 Bb7 16. e4 Nxc3 17. bxc3 Qc7 18. e5 Nh7 19. c4 Rad8 20. Qe2 Rfe8 21.
Rad1 Nf8 22. c5 Ng6 23. Qe3 Qd7 24. Re2 Qe7 25. Qe4 bxc5 26. dxc5 Rxd1+ 27.
Bxd1 Rd8 28. Qc2 Rd5 29. Qb3 Rxc5 30. Qb4 Rc1 31. Qd2 Rb1 32. Kh2 c5 33. Bb3
Bxf3 34. gxf3 Nh4 35. Qf4 Nf5 36. Qe4 Rc1 37. Re1 Rxe1 38. Qxe1 Qg5 39. Qe4 Nd4
40. Qa8+ Kh7 0-1

[Event "25. Off. Württembergische Seniorenmst."]
[Site "Freudenstadt"]
[Date "2013.07.06"]
[Round "1.52"]
[White "Luebbers, Doris"]
[Black "Storkebaum, Karl-Heinrich"]
[Result "0-1"]
[WhiteElo "1397"]
[BlackElo "1754"]
[PlyCount "53"]
[EventDate "2013.??.??"]
[WhiteTeam "Sfr. Taunus Königstein/Schwalbac"]
[BlackTeam "SAbt TEC Darmstadt"]

1. d4 Nf6 2. Nf3 e6 3. e3 d5 4. Bd3 b6 5. O-O Bd6 6. Nbd2 Bb7 7. c4 Nbd7 8. b3
Ne4 9. Bb2 O-O 10. Rc1 Rc8 11. Ne5 f6 12. Nxd7 Qxd7 13. f3 Nxd2 14. Qxd2 f5 15.
f4 c5 16. cxd5 exd5 17. Qf2 Qe6 18. Rfe1 c4 19. Bf1 b5 20. Qd2 b4 21. bxc4 dxc4
22. Bxc4 Rxc4 23. Rxc4 Qxc4 24. Bc1 Rc8 25. h3 Qc2 26. Rd1 Qxd2 27. Bxd2 0-1